[Event "NATO-ch 33rd"]
[Site "Portoroz"]
[Date "2023.09.05"]
[Round "2"]
[White "Tocco, Paolo"]
[Black "Simard, Francois"]
[Result "1/2-1/2"]
[WhiteElo "2056"]
[BlackElo "1756"]
[PlyCount "76"]
[EventDate "2023.09.04"]
[EventType "swiss"]
[EventRounds "7"]
[EventCountry "SLO"]
[SourceTitle "EXT 2024"]
[Source "ChessBase"]
[SourceDate "2023.10.10"]
[SourceVersion "1"]
[SourceVersionDate "2023.10.10"]
[SourceQuality "1"]

1. d4 d5 2. e4 dxe4 3. Nc3 e6 4. a3 Nf6 5. f3 exf3 6. Nxf3 c5 7. Be3 cxd4 8. Qxd4 Qxd4 9. Bxd4 Be7 10. Nb5 Na6 11. Nxa7 0-0 12. Bxa6 bxa6 13. Nc6 Bd6 14. Rd1 Bb7 15. Bxf6 Bxc6 16. Rxd6 Bxf3 17. gxf3 gxf6 18. Rg1+ Kh8 19. Rg2 Rfd8 20. Rgd2 Rxd6 21. Rxd6 Ra7 22. b4 Kg7 23. c4 f5 24. c5 Kf6 25. f4 Ke7 26. Ke2 a5 27. Kd3 axb4 28. axb4 Rd7 29. Rd4 f6 30. Rxd7+ Kxd7 31. Kd4 Kc7 32. b5 Kd7 33. Kc4 Kc7 34. b6+ Kc6 35. Kd4 Kb7 36. Kc4 Kc6 37. Kd4 Kb7 38. Kc4 Kc6 1/2-1/2

[Event "NATO-ch 32nd"]
[Site "Tartu"]
[Date "2022.06.28"]
[Round "3"]
[White "Simard, Francois"]
[Black "Pirs, Matjaz1111"]
[Result "1-0"]
[WhiteElo "1757"]
[BlackElo "1965"]
[PlyCount "111"]
[EventDate "2022.06.27"]
[EventType "swiss"]
[EventRounds "7"]
[EventCountry "EST"]
[SourceTitle "CBM 209 Extra"]
[Source "ChessBase"]
[SourceDate "2022.09.30"]
[SourceVersion "1"]
[SourceVersionDate "2022.09.30"]
[SourceQuality "1"]

1. d4 Nf6 2. c4 e6 3. Nc3 d5 4. Bg5 Nbd7 5. e3 Be7 6. Nf3 0-0 7. Bd3 dxc4 8. Bxc4 a6 9. 0-0 b5 10. Bd3 Bb7 11. Rc1 c5 12. dxc5 Nxc5 13. Be2 Qb6 14. b4 Nce4 15. Nxe4 Bxe4 16. Qb3 Bd5 17. Qb2 Qb7 18. Rfd1 Rfc8 19. Ne1 h6 20. Bh4 Rxc1 21. Rxc1 Rc8 22. a3 Qd7 23. Rxc8+ Qxc8 24. Qc2 Qb7 25. Bf3 g5 26. Bxd5 Nxd5 27. Bg3 a5 28. bxa5 Bxa3 29. Nd3 Qa8 30. Bc7 Qc8 31. Qb3 Nxc7 32. Qxa3 Na6 33. g3 Qc7 34. Qa1 Qd8 35. Ne5 Qd5 36. Qc3 Qc5 37. Qxc5 Nxc5 38. Kf1 f6 39. Nc6 Na6 40. Ke2 Kf7 41. Kd3 e5 42. Na7 Nc7 43. Kc3 Nd5+ 44. Kb3 b4 45. Nc6 Ke6 46. Nxb4 Nc7 47. Kc4 Kd6 48. a6 f5 49. a7 Na8 50. Nd5 h5 51. Nf6 h4 52. gxh4 gxh4 53. Nh7 Nb6+ 54. Kb5 Nd5 55. Ka5 Nc7 56. Kb6 1-0

[Event "NATO-ch 31st"]
[Site "Blankenberge"]
[Date "2021.10.11"]
[Round "1.37"]
[White "Simard, Francois"]
[Black "Tucker, David Sidney"]
[Result "1/2-1/2"]
[WhiteElo "1715"]
[BlackElo "1996"]
[PlyCount "130"]
[EventDate "2021.10.11"]
[EventType "team-swiss"]
[EventRounds "7"]
[EventCountry "BEL"]
[SourceTitle "CBM 204 Extra"]
[Source "ChessBase"]
[SourceDate "2021.11.30"]
[SourceVersion "1"]
[SourceVersionDate "2021.11.30"]
[SourceQuality "1"]
[WhiteTeam "Canada"]
[BlackTeam "NATO LTM"]
[WhiteTeamCountry "CAN"]

1. d4 c5 2. d5 Nf6 3. Nc3 g6 4. e4 d6 5. Bc4 Bg7 6. Nf3 0-0 7. 0-0 Bg4 8. h3 Bxf3 9. Qxf3 Nbd7 10. Qd1 Nb6 11. Be2 Rc8 12. Be3 Nbd7 13. Qd2 Re8 14. Bh6 c4 15. Bxg7 Kxg7 16. f4 Qb6+ 17. Kh2 e6 18. e5 Nxd5 19. Nxd5 exd5 20. Qxd5 Rc5 21. Qd4 Rb5 22. Rad1 d5 23. b3 Qxd4 24. Rxd4 Nb6 25. bxc4 Nxc4 26. Bxc4 dxc4 27. Rxc4 Rd8 28. Rf3 Rbd5 29. Rc7 R8d7 30. Rxd7 Rxd7 31. Rc3 h5 32. Kg3 Kf8 33. Kf3 Ke7 34. g4 hxg4+ 35. Kxg4 b5 36. a3 a5 37. Rc5 Rb7 38. Kg5 Kf8 39. h4 Kg7 40. f5 gxf5 41. Kxf5 b4 42. Rxa5 b3 43. cxb3 Rxb3 44. Ra8 Rh3 45. a4 Rxh4 46. a5 Rh1 47. a6 Ra1 48. a7 Ra4 49. Kg5 Ra5 50. Kf4 Ra4+ 51. Ke3 Kh7 52. Kd3 Kg7 53. Kc3 Kh7 54. Kb3 Ra1 55. Kb4 Kg7 56. Kc5 Rc1+ 57. Kd6 Ra1 58. Ke7 Ra6 59. Kd7 Ra1 60. e6 fxe6 61. Kxe6 Re1+ 62. Kd5 Rd1+ 63. Kc4 Ra1 64. Kb3 Ra6 65. Kc4 Ra1 1/2-1/2

[Event "Granby"]
[Site "Granby"]
[Date "2018.11.24"]
[Round "2.9"]
[White "Simard, Francois"]
[Black "Mok, Yuen Tak"]
[Result "0-1"]
[WhiteElo "1896"]
[BlackElo "1924"]
[PlyCount "100"]
[EventDate "2018.11.23"]
[EventType "swiss"]
[EventRounds "5"]
[EventCountry "CAN"]
[SourceTitle "EXT 2022"]
[Source "ChessBase"]
[SourceDate "2021.10.06"]
[SourceVersion "1"]
[SourceVersionDate "2021.10.06"]
[SourceQuality "1"]

1. Nf3 d5 2. c4 e6 3. d4 c6 4. Nc3 dxc4 5. e3 b5 6. a4 Bb4 7. Bd2 a5 8. b3 Bxc3 9. Bxc3 b4 10. Bb2 c3 11. Bc1 Nf6 12. Ne5 Qb6 13. Qf3 0-0 14. Bd3 Bb7 15. Qh3 Ba6 16. Bc2 g6 17. Qh6 Ra7 18. h4 Nbd7 19. Nxd7 Rxd7 20. h5 Qa7 21. hxg6 fxg6 22. Rh3 Rg7 23. Qg5 Bc8 24. Rf3 Nd7 25. Rxf8+ Nxf8 26. f3 Rd7 27. Be4 Qc7 28. Ra2 Bb7 29. Qc5 Rf7 30. f4 Nd7 31. Qc4 Qd6 32. g3 Nf6 33. Bf3 Rd7 34. Re2 Kg7 35. Rg2 Nd5 36. e4 Nb6 37. Qc5 Qxc5 38. dxc5 Nc8 39. Be3 Ba6 40. e5 Ne7 41. Kf2 Bd3 42. Rg1 Bc2 43. g4 Bxb3 44. f5 exf5 45. gxf5 Nxf5 46. Bxc6 Rc7 47. Bb5 Nxe3 48. Kxe3 Rxc5 49. Ke4 c2 50. Rc1 Kf8 0-1

[Event "NATO-ch 29th"]
[Site "Lubbock"]
[Date "2018.06.08"]
[Round "7"]
[White "Simard, Francois"]
[Black "Papler, Peter"]
[Result "0-1"]
[WhiteElo "1821"]
[BlackElo "1646"]
[PlyCount "46"]
[EventDate "2018.06.04"]
[EventType "swiss"]
[EventRounds "7"]
[EventCountry "USA"]
[SourceTitle "EXT 2019"]
[Source "ChessBase"]
[SourceDate "2018.10.10"]
[SourceVersion "1"]
[SourceVersionDate "2018.10.10"]
[SourceQuality "1"]

1. d4 Nf6 2. c4 c5 3. e3 Nc6 4. d5 Nb4 5. Nc3 e5 6. a3 Na6 7. Nf3 d6 8. e4 Be7 9. Be2 0-0 10. 0-0 Nc7 11. Ne1 Nfe8 12. f4 exf4 13. Bxf4 Bg5 14. Nd3 Bxf4 15. Rxf4 Qg5 16. Bg4 Nf6 17. Bxc8 Raxc8 18. Qf3 Rce8 19. Re1 Re7 20. Rf5 Qh6 21. g4 Qh4 22. h3 Nce8 23. Nxc5 Qxe1+ 0-1

[Event "Pere Noel op"]
[Site "Montreal"]
[Date "2015.12.30"]
[Round "5.11"]
[White "Li, Yi Lin"]
[Black "Simard, Francois"]
[Result "0-1"]
[WhiteElo "2010"]
[BlackElo "1715"]
[PlyCount "94"]
[EventDate "2015.12.26"]
[EventType "swiss"]
[EventRounds "5"]
[EventCountry "CAN"]
[SourceTitle "EXT 2019"]
[Source "ChessBase"]
[SourceDate "2018.10.10"]
[SourceVersion "1"]
[SourceVersionDate "2018.10.10"]
[SourceQuality "1"]

1. Nf3 d5 2. g3 c5 3. d4 Nc6 4. Bg2 Nf6 5. c3 cxd4 6. cxd4 Bf5 7. Nc3 e6 8. 0-0 Be7 9. Bf4 0-0 10. Nh4 Bg4 11. h3 Bh5 12. g4 Ne8 13. Nf5 Bg5 14. Qd2 Bxf4 15. Qxf4 Bg6 16. Ng3 Qb6 17. e3 Qxb2 18. Na4 Qb5 19. Nc5 Na5 20. h4 b6 21. Nb3 Nxb3 22. axb3 Qxb3 23. e4 Bxe4 24. Nxe4 dxe4 25. Bxe4 Rd8 26. Rxa7 f5 27. Bb1 Qh3 28. gxf5 exf5 29. f3 Rd6 30. Kf2 Rg6 31. Rg1 Rxg1 32. Kxg1 Rf6 33. Ba2+ Kf8 34. Bc4 Rg6+ 35. Kf2 Qg2+ 36. Ke3 Qg1+ 37. Kd3 Qf1+ 38. Kc3 Qe1+ 39. Kd3 Nd6 40. Ra8+ Ke7 41. Ra7+ Kd8 42. Bf7 Qf1+ 43. Kc3 Nb5+ 44. Kb4 Qb1+ 45. Bb3 Nxa7 46. Qb8+ Nc8 47. d5 Qc1 0-1

[Event "Pere Noel op"]
[Site "Montreal"]
[Date "2015.12.26"]
[Round "1.18"]
[White "Simard, Francois"]
[Black "Yao, Houji"]
[Result "0-1"]
[WhiteElo "1715"]
[BlackElo "2013"]
[PlyCount "82"]
[EventDate "2015.12.26"]
[EventType "swiss"]
[EventRounds "5"]
[EventCountry "CAN"]
[SourceTitle "EXT 2019"]
[Source "ChessBase"]
[SourceDate "2018.10.10"]
[SourceVersion "1"]
[SourceVersionDate "2018.10.10"]
[SourceQuality "1"]

1. d4 d5 2. c4 e6 3. Nc3 Be7 4. Nf3 Nf6 5. Bg5 0-0 6. e3 Nbd7 7. cxd5 exd5 8. Bd3 Re8 9. 0-0 c6 10. Rc1 Nf8 11. h3 Ne6 12. Bh4 g6 13. Ne5 Ng7 14. Na4 Bf5 15. Nc5 Bxc5 16. Bxf5 Bxd4 17. Bxf6 Qxf6 18. Ng4 Qd8 19. Nh6+ Kf8 20. Qxd4 gxf5 21. Nxf5 Nxf5 22. Qh8+ Ke7 23. Qe5+ Kf8 24. Qh8+ Ke7 25. Qe5+ Kf8 26. Qxf5 Qh4 27. Rfd1 Re4 28. Rc3 Rae8 29. Rcd3 Kg7 30. Rd4 Qf6 31. Qxf6+ Kxf6 32. Kf1 h5 33. Ke2 Kf5 34. Rxe4 Rxe4 35. Rd4 Rxd4 36. exd4 Ke4 37. f3+ Kxd4 38. g4 hxg4 39. fxg4 Ke4 40. h4 Kf4 41. h5 Kg5 0-1

[Event "Francophone-ch 3rd"]
[Site "Montreal"]
[Date "2015.07.19"]
[Round "4"]
[White "Simard, Francois"]
[Black "Feng, Richard"]
[Result "0-1"]
[WhiteElo "1894"]
[BlackElo "1656"]
[PlyCount "38"]
[EventDate "2015.07.17"]
[EventType "swiss"]
[EventRounds "9"]
[EventCountry "CAN"]
[SourceTitle "EXT 2016"]
[Source "ChessBase"]
[SourceDate "2015.10.08"]
[SourceVersion "1"]
[SourceVersionDate "2015.10.08"]
[SourceQuality "1"]

1. d4 f5 2. c4 Nf6 3. Nc3 g6 4. e3 Bg7 5. Bd3 d6 6. Nf3 0-0 7. b3 Nc6 8. a3 e5 9. d5 e4 10. dxc6 exd3 11. cxb7 Bxb7 12. Qxd3 Ne4 13. Bb2 Nc5 14. Qc2 Be4 15. Nxe4 fxe4 16. Bxg7 Nd3+ 17. Kd1 Kxg7 18. Nd4 Qf6 19. f3 c5 0-1

[Event "Francophone-ch 3rd"]
[Site "Montreal"]
[Date "2015.07.18"]
[Round "3"]
[White "Lesiege, Alexandre"]
[Black "Simard, Francois"]
[Result "1-0"]
[WhiteElo "2528"]
[BlackElo "1894"]
[PlyCount "82"]
[EventDate "2015.07.17"]
[EventType "swiss"]
[EventRounds "9"]
[EventCountry "CAN"]
[SourceTitle "EXT 2016"]
[Source "ChessBase"]
[SourceDate "2015.10.08"]
[SourceVersion "1"]
[SourceVersionDate "2015.10.08"]
[SourceQuality "1"]

1. Nf3 d5 2. d4 e6 3. c4 c5 4. cxd5 exd5 5. g3 Nc6 6. Nc3 Nf6 7. Bg2 Be7 8. 0-0 0-0 9. Bg5 cxd4 10. Nxd4 h6 11. Be3 Bg4 12. Rc1 Re8 13. h3 Be6 14. Kh2 a6 15. Nxc6 bxc6 16. Na4 Rb8 17. Rxc6 Qa5 18. b3 Bd7 19. Bd2 Bb4 20. Bxb4 Rxb4 21. Rc5 Rb5 22. Rc1 Rb4 23. Rc5 Rb5 24. Rc2 Rb4 25. Nb2 Bb5 26. Bf3 Qb6 27. Kg2 Ne4 28. h4 Bc6 29. Nd3 Rb5 30. a4 Ra5 31. Qe1 Bb7 32. Qb4 Re6 33. Rfc1 Qxb4 34. Nxb4 Rb6 35. Nc6 Bxc6 36. Rxc6 Rxb3 37. Rc8+ Kh7 38. R1c7 Rxa4 39. Bxe4+ Rxe4 40. Rxf7 Rxe2 41. h5 Rb6 1-0

[Event "NATO-ch 26th"]
[Site "Amsterdam"]
[Date "2015.07.08"]
[Round "4.39"]
[White "Simard, Francois"]
[Black "Rizihs, Valerijs"]
[Result "0-1"]
[WhiteElo "1894"]
[BlackElo "1761"]
[PlyCount "92"]
[EventDate "2015.07.06"]
[EventType "swiss"]
[EventRounds "7"]
[EventCountry "NED"]
[SourceTitle "EXT 2016"]
[Source "ChessBase"]
[SourceDate "2015.10.08"]
[SourceVersion "1"]
[SourceVersionDate "2015.10.08"]
[SourceQuality "1"]
[WhiteTeam "Canada"]
[BlackTeam "Latvia"]
[WhiteTeamCountry "CAN"]
[BlackTeamCountry "LAT"]

1. d4 d5 2. c4 e6 3. Nf3 Nf6 4. Bg5 Nbd7 5. Nc3 c6 6. e3 Qa5 7. Nd2 Bb4 8. Qc2 0-0 9. Be2 a6 10. 0-0 Bxc3 11. Nb3 Qa4 12. Bxf6 Bxb2 13. Qxb2 Nxf6 14. Nc5 Qa5 15. Nxb7 Qc7 16. Nc5 Rb8 17. Qc2 a5 18. Rab1 Rxb1 19. Rxb1 e5 20. dxe5 Qxe5 21. cxd5 cxd5 22. Qa4 Qc3 23. Nb3 Ne4 24. Qxa5 Qxa5 25. Nxa5 Be6 26. Nc6 Ra8 27. Rb8+ Rxb8 28. Nxb8 Nc3 29. Bf3 Nxa2 30. Nc6 Kf8 31. Kf1 Nc3 32. Ke1 f5 33. Nd4 Bd7 34. g3 Ke7 35. Bg2 h6 36. f3 Kd6 37. Bf1 Ke5 38. Kd2 Na4 39. f4+ Kd6 40. Bd3 g6 41. g4 fxg4 42. Bxg6 Nc5 43. Nf5+ Bxf5 44. Bxf5 Ne4+ 45. Ke2 h5 46. h3 Ng3+ 0-1

[Event "NATO-ch 26th"]
[Site "Amsterdam"]
[Date "2015.07.07"]
[Round "2.40"]
[White "Simard, Francois"]
[Black "Meiers, Gundars"]
[Result "0-1"]
[WhiteElo "1894"]
[BlackElo "1745"]
[PlyCount "98"]
[EventDate "2015.07.06"]
[EventType "swiss"]
[EventRounds "7"]
[EventCountry "NED"]
[SourceTitle "EXT 2016"]
[Source "ChessBase"]
[SourceDate "2015.10.08"]
[SourceVersion "1"]
[SourceVersionDate "2015.10.08"]
[SourceQuality "1"]
[WhiteTeam "Canada"]
[BlackTeam "Latvia"]
[WhiteTeamCountry "CAN"]
[BlackTeamCountry "LAT"]

1. d4 Nf6 2. Nf3 g6 3. c4 Bg7 4. Nc3 d6 5. Bg5 h6 6. Bf4 g5 7. Be3 Ng4 8. Bd2 e5 9. h3 exd4 10. Nb5 Ne5 11. Nfxd4 a6 12. Nc3 0-0 13. e3 Nbd7 14. Nf5 Nc5 15. Nxg7 Kxg7 16. Qc2 Be6 17. Na4 Nxa4 18. Qxa4 Bd7 19. Qc2 Bc6 20. f4 gxf4 21. exf4 Qh4+ 22. Kd1 Ng6 23. Qc3+ Qf6 24. Qxf6+ Kxf6 25. Bc3+ Ke7 26. Bg7 Rg8 27. Bxh6 f6 28. Rg1 Nh4 29. g4 Nf5 30. Bg5 Ne3+ 31. Ke2 Nxf1 32. Bxf6+ Kxf6 33. Rgxf1 Rae8+ 34. Kd2 Bg2 35. Rf2 Bxh3 36. g5+ Kf5 37. Rh1 Rh8 38. Rfh2 Kg4 39. g6 Reg8 40. f5 Kxf5 41. Rg1 Bg4 42. Rf2+ Kg5 43. Rf7 Rh2+ 44. Kc3 Rxg6 45. Rxc7 Re6 46. Rg7+ Kf6 47. R1xg4 Ree2 48. Rxb7 Kf5 49. Rg1 Rh3+ 0-1

[Event "Laval op"]
[Site "Laval"]
[Date "2015.06.19"]
[Round "1"]
[White "Duong, Thanh Nha"]
[Black "Simard, Francois"]
[Result "1-0"]
[WhiteElo "2277"]
[BlackElo "1913"]
[PlyCount "39"]
[EventDate "2015.06.19"]
[EventType "swiss"]
[EventRounds "5"]
[EventCountry "CAN"]
[SourceTitle "EXT 2019"]
[Source "ChessBase"]
[SourceDate "2018.10.10"]
[SourceVersion "1"]
[SourceVersionDate "2018.10.10"]
[SourceQuality "1"]

1. d4 d5 2. Bg5 Nf6 3. Bxf6 exf6 4. e3 Be6 5. g3 c5 6. Ne2 Nc6 7. Bg2 Qa5+ 8. c3 c4 9. Nd2 b5 10. e4 Rd8 11. Nf4 b4 12. exd5 bxc3 13. bxc3 Qxc3 14. dxc6 Qxd4 15. 0-0 Qxd2 16. c7 Qxd1 17. Raxd1 Rc8 18. Bc6+ Ke7 19. Nxe6 Kxe6 20. Bd7+ 1-0

[Event "Montreal Varennes op"]
[Site "Montreal"]
[Date "2014.11.09"]
[Round "4"]
[White "Giroux, Robert"]
[Black "Simard, Francois"]
[Result "1-0"]
[WhiteElo "1960"]
[BlackElo "1804"]
[PlyCount "81"]
[EventDate "2014.11.07"]
[EventType "swiss"]
[EventRounds "5"]
[EventCountry "CAN"]
[SourceTitle "EXT 2022"]
[Source "ChessBase"]
[SourceDate "2021.10.06"]
[SourceVersion "1"]
[SourceVersionDate "2021.10.06"]
[SourceQuality "1"]

1. d4 d5 2. c4 e6 3. Nc3 Nf6 4. cxd5 exd5 5. Bg5 Nbd7 6. e3 c6 7. Bd3 Be7 8. Nge2 0-0 9. Qc2 h6 10. Bh4 Re8 11. 0-0 Ne4 12. Bxe7 Qxe7 13. Rae1 Ndf6 14. f3 Ng5 15. Ng3 g6 16. e4 dxe4 17. fxe4 Ne6 18. Qf2 Nh7 19. d5 Nd8 20. Bc4 Rf8 21. e5 Bd7 22. Bb3 b6 23. Qe2 Qc5+ 24. Kh1 cxd5 25. Nxd5 Be6 26. Rc1 Qa5 27. Nc7 Rc8 28. Nxe6 Nxe6 29. Rxc8 Rxc8 30. Bxe6 fxe6 31. Qe4 Nf8 32. Qb7 Qc5 33. Qf7+ Kh8 34. Qf6+ Kg8 35. Qf4 Kg7 36. Qf6+ Kg8 37. h4 Rc7 38. h5 Qe7 39. Ne4 Qxf6 40. Nxf6+ Kh8 41. Ne8 1-0

[Event "Quebec-ch Amateur U2000"]
[Site "Montreal"]
[Date "2014.10.13"]
[Round "6"]
[White "Saha, Ananda"]
[Black "Simard, Francois"]
[Result "1-0"]
[WhiteElo "1793"]
[BlackElo "1849"]
[PlyCount "125"]
[EventDate "2014.10.10"]
[EventType "swiss"]
[EventRounds "7"]
[EventCountry "CAN"]
[SourceTitle "EXT 2022"]
[Source "ChessBase"]
[SourceDate "2021.10.06"]
[SourceVersion "1"]
[SourceVersionDate "2021.10.06"]
[SourceQuality "1"]

1. d4 d5 2. c4 c6 3. Nf3 e6 4. cxd5 cxd5 5. Nc3 Nf6 6. Bf4 Nc6 7. e3 Bb4 8. a3 Bxc3+ 9. bxc3 Ne4 10. Qb3 Na5 11. Qb4 Nc6 12. Bb5 Bd7 13. Bxc6 bxc6 14. 0-0 Qb6 15. Rfc1 c5 16. dxc5 Qxc5 17. Ne5 Bb5 18. a4 Ba6 19. f3 Qxb4 20. cxb4 Nd2 21. Rc6 Bb7 22. Rc7 Rb8 23. Nxf7 0-0 24. Nd6 Ba8 25. Be5 Rxf3 26. Rxg7+ Kf8 27. gxf3 Nxf3+ 28. Kf2 Nxe5 29. Rxa7 Bc6 30. b5 Bd7 31. Rb7 Ra8 32. b6 Ke7 33. Nb5 Nd3+ 34. Ke2 Nc5 35. Ra7 Rb8 36. a5 Kf6 37. Nd4 e5 38. Rf1+ Kg6 39. Rg1+ Kf6 40. Rf1+ Kg6 41. Rxd7 Nxd7 42. Nc6 Rb7 43. Ne7+ Kg5 44. Nxd5 Nc5 45. Rc1 Nb3 46. Rc7 Nxa5 47. Rxb7 Nxb7 48. Kf3 Nc5 49. Nc3 Kh4 50. Ne4 Nb7 51. Nf6 Nc5 52. Nxh7 Kh3 53. Ng5+ Kxh2 54. Ne6 e4+ 55. Kg4 Nd7 56. b7 Kg2 57. Kf4 Kf2 58. Kxe4 Ke2 59. Kd4 Kf3 60. e4 Nb8 61. Kd5 Kg4 62. Nc5 Kg5 63. Kd6 1-0

[Event "NATO-ch 25th"]
[Site "Quebec"]
[Date "2014.09.11"]
[Round "5"]
[White "Bohn, Ulrich"]
[Black "Simard, Francois"]
[Result "1-0"]
[WhiteElo "2147"]
[BlackElo "1961"]
[PlyCount "75"]
[EventDate "2014.09.08"]
[EventType "team-swiss"]
[EventRounds "7"]
[EventCountry "CAN"]
[SourceTitle "EXT 2015"]
[Source "ChessBase"]
[SourceDate "2014.11.20"]
[SourceVersion "1"]
[SourceVersionDate "2014.11.20"]
[SourceQuality "1"]
[WhiteTeam "Germany"]
[BlackTeam "Canada"]
[WhiteTeamCountry "GER"]
[BlackTeamCountry "CAN"]

1. e4 c5 2. c3 Nf6 3. e5 Nd5 4. Bc4 e6 5. d4 cxd4 6. Bxd5 exd5 7. Qxd4 Qa5 8. b4 Qb5 9. a4 Qc6 10. b5 Qc5 11. Ba3 Qxd4 12. cxd4 Bxa3 13. Rxa3 d6 14. exd6 Be6 15. Nf3 0-0 16. Kd2 Nd7 17. Ne5 Nb6 18. a5 Nc4+ 19. Nxc4 dxc4 20. Re3 Rfd8 21. Kc3 Rxd6 22. Rd1 a6 23. b6 Rc8 24. Nd2 Rd5 25. Re5 Rxe5 26. dxe5 Bd5 27. f3 Rc5 28. Kd4 Rxa5 29. Nxc4 Bxc4 30. Kxc4 Kf8 31. Rd7 Rxe5 32. Rxb7 Rb5 33. g4 Rb1 34. Kc5 Rc1+ 35. Kd6 Rd1+ 36. Kc7 a5 37. Ra7 Rc1+ 38. Kb8 1-0

[Event "Canadian op U2400"]
[Site "Montreal"]
[Date "2014.07.26"]
[Round "9"]
[White "Simard, Francois"]
[Black "Weber, Meikel"]
[Result "1-0"]
[WhiteElo "1750"]
[BlackElo "2042"]
[PlyCount "77"]
[EventDate "2014.07.19"]
[EventType "swiss"]
[EventRounds "9"]
[EventCountry "CAN"]
[SourceTitle "EXT 2022"]
[Source "ChessBase"]
[SourceDate "2021.10.06"]
[SourceVersion "1"]
[SourceVersionDate "2021.10.06"]
[SourceQuality "1"]

1. d4 d5 2. c4 e6 3. Nc3 c6 4. Nf3 dxc4 5. e4 b5 6. a4 Bb4 7. Bd2 a5 8. d5 Bxc3 9. Bxc3 Nf6 10. dxe6 Qxd1+ 11. Kxd1 Nxe4 12. Bxg7 Nxf2+ 13. Ke2 Rg8 14. exf7+ Kxf7 15. Kxf2 Rxg7 16. b3 cxb3 17. axb5 c5 18. Bc4+ Be6 19. Rhe1 Bxc4 20. Ne5+ Kf8 21. Nxc4 Rb7 22. Nxa5 b2 23. Ra3 Rxa5 24. Rxa5 c4 25. Ra3 Rxb5 26. Rb1 Nc6 27. Rc3 Ne5 28. Ke3 Ke7 29. Rc2 Rb3+ 30. Kd4 Kd6 31. Rbxb2 Rd3+ 32. Ke4 Rb3 33. Rxb3 cxb3 34. Rc3 Nd7 35. Kd4 Nf6 36. Rxb3 Kd7 37. Ke5 Ng8 38. Rb7+ Ke8 39. Rxh7 1-0

[Event "Canadian op U2400"]
[Site "Montreal"]
[Date "2014.07.24"]
[Round "7"]
[White "Nikulich, Oleksandr"]
[Black "Simard, Francois"]
[Result "1-0"]
[WhiteElo "2008"]
[BlackElo "1750"]
[PlyCount "79"]
[EventDate "2014.07.19"]
[EventType "swiss"]
[EventRounds "9"]
[EventCountry "CAN"]
[SourceTitle "EXT 2022"]
[Source "ChessBase"]
[SourceDate "2021.10.06"]
[SourceVersion "1"]
[SourceVersionDate "2021.10.06"]
[SourceQuality "1"]

1. d4 d5 2. c4 c6 3. Nf3 Nf6 4. e3 e6 5. Nbd2 Nbd7 6. b3 Bb4 7. Bd3 Ne4 8. 0-0 Ndf6 9. Qc2 Nxd2 10. Nxd2 c5 11. dxc5 Bxc5 12. Bb2 dxc4 13. Nxc4 b6 14. Ne5 Nd5 15. Rfd1 Qg5 16. Bb5+ Kf8 17. Qe2 f6 18. Nd7+ Bxd7 19. Bxd7 Ke7 20. Bc6 Rad8 21. Qa6 Kf7 22. Qxa7+ Kg6 23. Qa4 Bxe3 24. Bxd5 exd5 25. fxe3 Qxe3+ 26. Kh1 Rhe8 27. Qg4+ Kf7 28. Bd4 Qe2 29. Qxe2 Rxe2 30. Bxb6 Ra8 31. a4 Rb2 32. Rxd5 Rxb3 33. Bg1 Ke6 34. Rd4 Rab8 35. a5 Ke5 36. a6 Ra8 37. a7 Rb7 38. Rad1 Rbxa7 39. Rd5+ Ke6 40. Bxa7 1-0

[Event "Canadian op U2400"]
[Site "Montreal"]
[Date "2014.07.19"]
[Round "1"]
[White "Simard, Francois"]
[Black "Singher, Jean Pierre"]
[Result "0-1"]
[WhiteElo "1750"]
[BlackElo "2060"]
[PlyCount "80"]
[EventDate "2014.07.19"]
[EventType "swiss"]
[EventRounds "9"]
[EventCountry "CAN"]
[SourceTitle "EXT 2022"]
[Source "ChessBase"]
[SourceDate "2021.10.06"]
[SourceVersion "1"]
[SourceVersionDate "2021.10.06"]
[SourceQuality "1"]

1. d4 Nf6 2. c4 e6 3. Nc3 d5 4. Bg5 Nbd7 5. Nf3 Be7 6. e3 0-0 7. Bd3 c5 8. 0-0 a6 9. Rc1 dxc4 10. Bxc4 b5 11. Bd3 Bb7 12. dxc5 Nxc5 13. Be2 Qb6 14. Qc2 Rac8 15. Ne5 Nce4 16. Bxf6 Nxf6 17. Qb3 Qc5 18. Bf3 Qxe5 19. Bxb7 Ng4 20. g3 Qh5 21. Kg2 Qxh2+ 22. Kf3 Rc4 23. Ke2 Bc5 24. Rc2 Bxe3 25. Nd1 Qh5 26. Rh1 Qf5 27. Rxc4 bxc4 28. Qxc4 Ne5 29. Qxa6 Qc2+ 30. Kxe3 Rd8 31. Bd5 exd5 32. f3 d4+ 33. Kf4 Ng6+ 34. Kg4 Ne5+ 35. Kf4 g6 36. g4 Qg2 37. Qf1 Nd3+ 38. Ke4 Qc2 39. Qxd3 Re8+ 40. Kd5 Rd8+ 0-1

[Event "Trois-Rivieres Mauricie op U2000"]
[Site "Trois Rivieres"]
[Date "2014.03.16"]
[Round "5"]
[White "Simard, Francois"]
[Black "Perna Fraser, David"]
[Result "1/2-1/2"]
[WhiteElo "1703"]
[BlackElo "1813"]
[PlyCount "57"]
[EventDate "2014.03.14"]
[EventType "swiss"]
[EventRounds "5"]
[EventCountry "CAN"]
[SourceTitle "EXT 2022"]
[Source "ChessBase"]
[SourceDate "2021.10.06"]
[SourceVersion "1"]
[SourceVersionDate "2021.10.06"]
[SourceQuality "1"]

1. d4 f5 2. Bg5 Nf6 3. e3 e6 4. Bd3 Be7 5. Nf3 0-0 6. 0-0 b6 7. c4 Bb7 8. Nc3 Ne4 9. Bxe7 Qxe7 10. Qc2 Nxc3 11. Qxc3 d6 12. Be2 Nd7 13. Nd2 Nf6 14. Bf3 Ne4 15. Nxe4 Bxe4 16. Bxe4 fxe4 17. f3 exf3 18. Rxf3 Rxf3 19. gxf3 Rf8 20. Rf1 e5 21. dxe5 Qxe5 22. Qxe5 dxe5 23. e4 Rd8 24. Kg2 Kf7 25. Kg3 Rd2 26. Rf2 Rxf2 27. Kxf2 g5 28. Kg3 h5 29. b3 1/2-1/2

[Event "Trois-Rivieres Mauricie op U2000"]
[Site "Trois Rivieres"]
[Date "2014.03.15"]
[Round "3"]
[White "Simard, Francois"]
[Black "Bond, Jocelyn"]
[Result "1-0"]
[WhiteElo "1703"]
[BlackElo "1955"]
[PlyCount "141"]
[EventDate "2014.03.14"]
[EventType "swiss"]
[EventRounds "5"]
[EventCountry "CAN"]
[SourceTitle "EXT 2022"]
[Source "ChessBase"]
[SourceDate "2021.10.06"]
[SourceVersion "1"]
[SourceVersionDate "2021.10.06"]
[SourceQuality "1"]

1. d4 d5 2. c4 c6 3. cxd5 cxd5 4. Nc3 Nf6 5. Nf3 Nc6 6. Bg5 Ne4 7. Bh4 Qa5 8. Qc1 Bf5 9. a3 Rc8 10. e3 e6 11. Nd2 Nxd2 12. Qxd2 a6 13. Bd3 Bxd3 14. Qxd3 Bd6 15. 0-0 0-0 16. Ne2 b5 17. b4 Qc7 18. Bg3 Bxg3 19. hxg3 Qb6 20. Rab1 Ne7 21. Nc1 Nf5 22. Nb3 Nd6 23. Nc5 Rcd8 24. a4 Nc4 25. axb5 Qxb5 26. Ra1 Rd6 27. Qc2 Rb8 28. Qa4 Qxb4 29. Qxb4 Rxb4 30. Nxa6 Rbb6 31. Nc5 g5 32. Ra7 Kg7 33. Rfa1 Rb2 34. Rd7 e5 35. dxe5 Rg6 36. e6 Rf6 37. Rxf7+ Rxf7 38. exf7 Kxf7 39. g4 Rd2 40. Ra7+ Kg6 41. Ne6 Ne5 42. Nf8+ Kf6 43. Nxh7+ Kg6 44. Nf8+ Kf6 45. Nd7+ Nxd7 46. Rxd7 Ke6 47. Rd8 Ke7 48. Rg8 Kf6 49. g3 d4 50. exd4 Rxd4 51. f3 Rd2 52. f4 gxf4 53. gxf4 Ra2 54. Re8 Ra4 55. Rf8+ Kg7 56. Rf5 Ra2 57. Kf1 Kg6 58. Re5 Ra4 59. Rg5+ Kh6 60. Rf5 Ra2 61. g5+ Kh5 62. Rf6 Kg4 63. g6 Kf3 64. Ke1 Rg2 65. f5 Ke3 66. Kd1 Ke4 67. Rf7 Kd3 68. Kc1 Kc3 69. Rc7+ Kd4 70. g7 Ke5 71. Rf7 1-0